000 00373nam a2200169Ia 4500
100 _aSinha/Pradeep/ Priti Sinha
650 _aComputers
942 _cBK
366 _f20
654 _acomputing
245 _aFoundations of Computing
260 _bBPB Publications
_aNew Delhi
_c2003
082 _a004.6/SIN
_bSIN
300 _a726
546 _aENGLISH
999 _c28610
_d28610